Statistics for US States by Second Letter - I

Click here to take the quiz!

General Stats

  • This quiz has been taken 99 times
  • The average score is 5 of 6

Answer Stats

State% Correct
Minnesota
82%
Mississippi
82%
Michigan
81%
Wisconsin
77%
Missouri
69%
Virginia
69%

Score Distribution

Percentile by Number Answered

Percent of People with Each Score

Your Score History

You have not taken this quiz